Loading...
| Fine Arts - Classical Music | 5 | 8.00 | 1,280% | 180% | 360% |
| Fine Arts - Other | 5 | 16.00 | 1,360% | 180% | 580% |
| History - American | 6 | 5.00 | 1,417% | 33% | 0% |
| History - European | 4 | 10.00 | 1,225% | 200% | 375% |
| History - Other | 4 | 15.00 | 1,600% | 625% | 425% |
| History - World | 4 | 15.00 | 2,500% | 775% | 0% |
| Literature - American | 5 | 12.00 | 3,700% | 160% | 160% |
| Literature - British | 4 | 10.00 | 2,125% | 150% | 175% |
| Literature - European | 3 | 16.67 | 4,833% | 300% | 567% |
| Literature - World | 8 | 12.50 | 3,725% | 200% | 175% |
| Mythology | 4 | 10.00 | 2,500% | 150% | 200% |
| Other | 6 | 13.33 | 4,300% | 267% | 267% |
| Philosophy | 3 | 10.00 | 2,700% | 233% | 267% |
| Religion | 6 | 10.00 | 67% | 667% | 0% |
| Science - Biology | 4 | 12.50 | 900% | 500% | 200% |
| Science - Chemistry | 6 | 11.67 | 3,233% | 117% | 383% |
| Science - Other | 5 | 10.00 | 1,620% | 260% | 340% |
| Science - Physics | 7 | 10.00 | 2,129% | 0% | 429% |
| Social Science | 5 | 12.00 | 4,000% | 320% | 0% |